00936nam a22002657a 45000010005000000030006000050050017000110080041000280200015000690400029000840820010001131000019001232450050001422600044001923000059002365050008002955200101003035210020004045210020004246500023004446500026004679420015004939990015005089520147005238411FISKH20250910155321.0250910b cb ||||| |||| 00| 0 eng d a0561561479 aFISKHbengcFISKHdFISKH a599.4 aArneson, D.J.  aBats : bA nature-fact book /cby D.J.Arneson aCalifornia : bKidsbooks, Inc., c1992. a32 unnumbered pages : bcolor illustrations ;c21 cm.  aQ  aDiscusses the physical characteristics and habits of and the myths and superstitions about bats.8 a660 bLexile 8 aQ bRaz-Plus  aBats vNon-fiction aScience vNon-fiction 2ddccBKn0 c8411d8411 00102ddc40708NFICa002b002cTTP Yellow d2025-09-10l2oARN 599.4pFIS01636q2026-04-10r2026-03-27 12:51:32s2026-03-27w2025-09-10yBK